[Event "Novi Sad Serbian op"]
[Site "Novi Sad"]
[Date "2016.11.08"]
[Round "4"]
[White "Maneski, David"]
[Black "Vojvodic, Dragoljub"]
[Result "1-0"]
[WhiteElo "1731"]
[BlackElo "1991"]
[PlyCount "73"]
[EventDate "2016.11.06"]
[EventType "swiss"]
[EventRounds "9"]
[EventCountry "SRB"]
[SourceTitle "CBM 175 Extra"]
[Source "ChessBase"]
[SourceDate "2016.12.12"]
[SourceVersion "1"]
[SourceVersionDate "2016.12.12"]
[SourceQuality "1"]

1. e4 e6 2. d4 d5 3. Nd2 c5 4. exd5 exd5 5. Bb5+ Nc6 6. Qe2+ Be6 7. Ngf3 a6 8. Bxc6+ bxc6 9. 0-0 h6 10. c3 Nf6 11. Ne5 Qc7 12. f4 Be7 13. f5 Bc8 14. Ndf3 0-0 15. Bf4 Nh5 16. Ng6 Nxf4 17. Nxe7+ Kh8 18. Qe5 Qxe5 19. Nxe5 Nh5 20. N7xc6 Nf6 21. dxc5 a5 22. b4 Ne4 23. Rf3 axb4 24. cxb4 Kh7 25. Nd4 f6 26. Nd3 Ra3 27. Nb2 Nc3 28. Nd1 Rxa2 29. Rxa2 Nxa2 30. b5 Re8 31. Re3 Re4 32. Rxe4 dxe4 33. c6 Nb4 34. Ne3 Na6 35. bxa6 Bxa6 36. c7 Kg8 37. Nb5 1-0

[Event "Novi Sad Serbian op"]
[Site "Novi Sad"]
[Date "2016.11.07"]
[Round "2"]
[White "Thesing, Matthias"]
[Black "Vojvodic, Dragoljub"]
[Result "1-0"]
[WhiteElo "2337"]
[BlackElo "1991"]
[PlyCount "45"]
[EventDate "2016.11.06"]
[EventType "swiss"]
[EventRounds "9"]
[EventCountry "SRB"]
[SourceTitle "CBM 175 Extra"]
[Source "ChessBase"]
[SourceDate "2016.12.12"]
[SourceVersion "1"]
[SourceVersionDate "2016.12.12"]
[SourceQuality "1"]

1. e4 e6 2. d4 d5 3. exd5 exd5 4. Nf3 Nf6 5. Bd3 Bd6 6. 0-0 0-0 7. h3 Nc6 8. a3 Re8 9. Nc3 Ne7 10. Bg5 c6 11. Bxf6 gxf6 12. Nh4 Ng6 13. Qh5 Bf4 14. Ne2 Bc7 15. Rae1 Be6 16. f4 Qd6 17. g3 Bxh3 18. Nxg6 Bxf1 19. Ne7+ Kf8 20. Nf5 Rxe2 21. Qh6+ Ke8 22. Nxd6+ Bxd6 23. Bxe2 1-0

[Event "Novi Sad Serbian op"]
[Site "Novi Sad"]
[Date "2016.11.06"]
[Round "1"]
[White "Vojvodic, Dragoljub"]
[Black "Colovic, Dusan"]
[Result "0-1"]
[WhiteElo "1991"]
[BlackElo "2348"]
[PlyCount "64"]
[EventDate "2016.11.06"]
[EventType "swiss"]
[EventRounds "9"]
[EventCountry "SRB"]
[SourceTitle "CBM 175 Extra"]
[Source "ChessBase"]
[SourceDate "2016.12.12"]
[SourceVersion "1"]
[SourceVersionDate "2016.12.12"]
[SourceQuality "1"]

1. e4 d6 2. d4 Nf6 3. Nc3 g6 4. Bf4 c6 5. Bd3 Bg7 6. Qd2 Nh5 7. Be3 e5 8. Nge2 Nd7 9. f3 0-0 10. 0-0-0 b5 11. Bh6 b4 12. Na4 Qa5 13. b3 Nb6 14. Bxg7 Nxg7 15. c3 c5 16. cxb4 cxb4 17. Nxb6 axb6 18. Kb1 Ne6 19. Qb2 Ba6 20. d5 Nc7 21. Bxa6 Rxa6 22. Rd2 Nb5 23. Rc1 Raa8 24. Rc6 Rfc8 25. Qc1 Qa6 26. Ka1 Na3 27. f4 exf4 28. Nxf4 Re8 29. Qe1 Nb5 30. Qe2 Qa5 31. Rd3 Rxe4 32. Rc8+ Rxc8 0-1